People With Animal Names Quiz Stats

 Plays Quiz Updated Jan 28, 2016

Score 0/22 Timer 04:00
2 Plays Today
Clue Person % Correct
Youngest golfer to achieve a career Grand SlamTiger Woods
91.3%
Actor who starred in 'Back to the Future'Michael J. Fox
87.1%
Pro skateboarder with a popular video game seriesTony Hawk
76.4%
'To Kill a Mockingbird' lawyerAtticus Finch
63.8%
Boston Celtics star from '79-'92Larry Bird
63.5%
Nurse during the Crimean War; 'The Lady of the Lamp'Florence Nightingale
62.7%
Racial discrimination laws were named for this fictional characterJim Crow
55.9%
Catholic saint with an eponymous dog breedSt. Bernard of Menthon
55.9%
Former stage name of musician Yusuf IslamCat Stevens
50.8%
Famous Wild West cowboy and showmanBuffalo Bill
49%
Industrialist behind the 'Peacemaker' revolverSamuel Colt
44%
Clue Person % Correct
Host of CNN's 'The Situation Room'Wolf Blitzer
43.3%
'The View' co-host and former Disney Channel starRaven-Symoné
38.6%
Former member of 'N SyncLance Bass/Joey Fatone
35.6%
Former Republican Speaker of the HouseNewt Gingrich
33.4%
Titular newspaper comic soldierBeetle Bailey
33.4%
Title character of a 1950s American sitcomTheodore 'Beaver' Cleaver
31.5%
Author of 'The Good Earth'Pearl S. Buck
26.7%
Designer of London's St. Paul's CathedralSir Christopher Wren
26.6%
Oglala Lakota war leader during the Battle of the Little BighornCrazy Horse
21.5%
Main protagonist of the 'Metal Gear' video game seriesSolid Snake
19.2%
Baseball Hall of Famer who pitched for the Yankees from '75-'79Catfish Hunter
14.7%

You're not logged in!

Compare scores with friends on all Sporcle quizzes.
OR
Log In

Sporcle TV

Today on Sporcle TV


Watch our educational content, quiz creation guides, and fun videos on Sporcle TV.

Show Comments

Extras

Top Quizzes Today


Score Distribution

Your Account Isn't Verified!

In order to create a playlist on Sporcle, you need to verify the email address you used during registration. Go to your Sporcle Settings to finish the process.

Report this User

Report this user for behavior that violates our Community Guidelines.

Details: